| 000 | 01388nas a2200229 4500 | ||
|---|---|---|---|
| 001 | 768714001 | ||
| 003 | CO-MdFUSB | ||
| 005 | 20230512091839.0 | ||
| 008 | 171115s2017 ck ||||| |||| 00| 0 spa d | ||
| 022 | _a0120-3649 | ||
| 040 |
_aCO-MdFUSB _bspa _cCO-MdFUSB _dCO-MdFUSB |
||
| 041 | _aspa | ||
| 100 |
_aBacher Martínez, Carolina _eautor |
||
| 245 | 0 | 0 |
_aAportes de la investigación-acción participativa a una teología de los signos de los tiempos en América Latina _c/ Carolina Bacher Martínez |
| 300 |
_aVolumen 67, número 184 (jul. - dic., 2017) páginas: 309-332 _c: 24 cm. |
||
| 520 | 1 | _a El trabajo postula la convergencia entre una teología de los signos de los tiempos en América Latina y el método de la investigación-acción participativa, cuyo referente principal en sociología es el colombiano Orlando Fals Borda. Para ello correlaciona los fundamentos y los procedimientos que constituyen sendos marcos teóricos y elabora una propuesta teológico-pastoral de recepción preliminar, ofreciendo una ponderación de las posibilidades y dificultades que conlleva la práctica teológica de este enfoque. | |
| 650 | 7 |
_9227 _aTeología pastoral |
|
| 653 | _aTeología Latinoamericana | ||
| 653 | _aTeología practica | ||
| 773 |
_049424 _976244 _gVolumen 67, número 184 (jul. - dic., 2017) páginas: 309-332 _qPágina 309 _tTheologica Xaveriana |
||
| 942 | _cANA | ||
| 999 |
_c64122 _d64122 |
||